[Event "FICGS rapid B 000149 email"]
[Site "FICGS email"]
[Date "2010.04.22"]
[Round "1"]
[White "Payzansky, Aleksey"]
[Black "Dragovic, Radimiro"]
[Result "1-0"]
[WhiteElo "1798"]
[BlackElo "1798"]
[PlyCount "83"]
[EventDate "2010.??.??"]
[EventType "tourn (rapid)"]
[EventRounds "6"]
[SourceTitle "Corr 2013"]
[Source "ChessBase"]
[SourceDate "2012.11.12"]
[SourceVersion "1"]
[SourceVersionDate "2012.11.12"]
[SourceQuality "1"]

1. e4 c5 2. Nf3 d6 3. d4 cxd4 4. Nxd4 Nf6 5. Nc3 g6 6. Be3 Bg7 7. f3 0-0 8. Qd2 Nc6 9. Bc4 Nxd4 10. Bxd4 Qa5 11. 0-0-0 Be6 12. Bb3 Bxb3 13. cxb3 Rfc8 14. Kb1 Rc7 15. g4 Rac8 16. Bxf6 Bxf6 17. Nd5 Rc1+ 18. Qxc1 Rxc1+ 19. Rxc1 Kg7 20. Rhd1 Qb5 21. Rc4 g5 22. h3 a6 23. Rd3 h6 24. a4 Qa5 25. Rc1 Kg6 26. Rdd1 Qd8 27. e5 Bxe5 28. Rc8 Qa5 29. Nxe7+ Kh7 30. Nd5 Kg6 31. Rc2 b5 32. b4 Qd8 33. a5 Qa8 34. Rc7 h5 35. Ne7+ Kg7 36. Rd3 hxg4 37. Nf5+ Kf6 38. hxg4 Ke6 39. Ka2 Qh8 40. Rc6 Qh2 41. Rb3 Qf4 42. Rxa6 1-0

[Event "FICGS rapid B 000136 email"]
[Site "FICGS email"]
[Date "2010.01.05"]
[Round "1"]
[White "Dragovic, Radimiro"]
[Black "Payzansky, Aleksey"]
[Result "0-1"]
[WhiteElo "1819"]
[BlackElo "1799"]
[PlyCount "36"]
[EventDate "2010.??.??"]
[EventType "tourn (rapid)"]
[EventRounds "5"]
[SourceTitle "Corr 2013"]
[Source "ChessBase"]
[SourceDate "2012.11.12"]
[SourceVersion "1"]
[SourceVersionDate "2012.11.12"]
[SourceQuality "1"]

1. d4 Nf6 2. c4 g6 3. Nc3 d5 4. cxd5 Nxd5 5. Nxd5 Qxd5 6. Bf4 Nc6 7. Bxc7 e5 8. a3 exd4 9. Nf3 Bg7 10. Bg3 0-0 11. Qd2 Bf5 12. Nh4 Be6 13. Nf3 Na5 14. Qb4 Rfc8 15. e3 Nb3 16. Rd1 Bf8 17. Qb5 Rc5 18. Qe2 Qd8 0-1